[Event "2nd 4NCL Spring Bank Holiday Congress"]
[Site "Basingstoke"]
[Date "2019.05.27"]
[Round "6.15"]
[White "Khoury, Theo"]
[Black "Pettit, Felicity Ol"]
[Result "1/2-1/2"]
[WhiteElo "1339"]
[BlackElo "1314"]
[PlyCount "73"]
[EventDate "2019.05.24"]

1. e4 c6 2. d4 d5 3. exd5 cxd5 4. c4 dxc4 5. Bxc4 Nf6 6. Nf3 Bf5 7. O-O e6 8.
Nc3 a6 9. a4 Bb4 10. Qb3 Qb6 11. Bf4 Nc6 12. Rad1 Na5 13. Qa2 Nxc4 14. Qxc4 O-O
15. Qb3 Ba5 16. Qxb6 Bxb6 17. d5 Nxd5 18. Nxd5 exd5 19. Rxd5 Be6 20. Rd2 Rac8
21. Ne5 Rfd8 22. Rxd8+ Rxd8 23. Be3 Bxe3 24. fxe3 Rd2 25. Rf2 Rd5 26. Nf3 Ra5
27. Rd2 h6 28. Rd4 Bb3 29. Rb4 Bxa4 30. Rxb7 Kf8 31. b4 Rd5 32. Kf2 Rd1 33. Ne5
f6 34. Ng6+ Kg8 35. Ne7+ Kf8 36. Ng6+ Kg8 37. Ne7+ 1/2-1/2

[Event "2nd 4NCL Spring Bank Holiday Congress"]
[Site "Basingstoke"]
[Date "2019.05.26"]
[Round "5.1"]
[White "Horlock, Peter J"]
[Black "Goodfellow, Russell Robert"]
[Result "0-1"]
[WhiteElo "1579"]
[BlackElo "1718"]
[PlyCount "54"]
[EventDate "2019.05.24"]

1. e4 c5 2. Nf3 e6 3. d4 cxd4 4. Nxd4 Nf6 5. Bd3 a6 6. O-O d6 7. Nd2 Qc7 8.
N2f3 h6 9. c4 Nbd7 10. Nb3 b6 11. Qe2 g5 12. Be3 Rg8 13. Nfd2 Be7 14. f4 Bb7
15. fxg5 hxg5 16. Bd4 g4 17. c5 bxc5 18. Bxf6 Bxf6 19. Nc4 Ke7 20. Rxf6 Nxf6
21. e5 dxe5 22. Nxe5 Nd5 23. Rf1 Raf8 24. Bc4 Rg5 25. Nxg4 Nf4 26. Rxf4 Qxf4
27. Ne3 Re5 0-1

[Event "2nd 4NCL Spring Bank Holiday Congress"]
[Site "Basingstoke"]
[Date "2019.05.26"]
[Round "5.2"]
[White "O'brien, Paul W"]
[Black "Winter, Kevin"]
[Result "0-1"]
[WhiteElo "1610"]
[BlackElo "1742"]
[PlyCount "76"]
[EventDate "2019.05.24"]

1. e4 d6 2. d4 Nf6 3. Nc3 Nbd7 4. f4 e5 5. Nf3 exd4 6. Nxd4 g6 7. Bc4 Bg7 8.
O-O O-O 9. Be3 c6 10. Qf3 Nb6 11. Bb3 Ng4 12. f5 Nxe3 13. Qxe3 c5 14. Nf3 c4
15. f6 Bxf6 16. e5 dxe5 17. Ba4 e4 18. Rad1 Qe7 19. Nd4 Bg7 20. Bb5 Bg4 21. Rd2
a6 22. Ba4 Nxa4 23. Nxa4 Bd7 24. Nb6 Rad8 25. Nxc4 Bb5 26. Nxb5 axb5 27. Na3
Rxd2 28. Qxd2 b4 29. Nc4 Qc5+ 30. Ne3 Bxb2 31. Rd1 Bc3 32. Qe2 Bd4 33. Re1 f5
34. Kf1 Rc8 35. g4 Bxe3 36. Qxe3 Qxe3 37. Rxe3 Rxc2 38. gxf5 gxf5 0-1

[Event "2nd 4NCL Spring Bank Holiday Congress"]
[Site "Basingstoke"]
[Date "2019.05.26"]
[Round "5.3"]
[White "Bishop, Geoffrey L"]
[Black "Farahi-Far, Arman"]
[Result "0-1"]
[WhiteElo "1715"]
[BlackElo "1314"]
[PlyCount "86"]
[EventDate "2019.05.24"]

1. e4 c5 2. Nf3 Nc6 3. d4 cxd4 4. Nxd4 g6 5. Nc3 Bg7 6. Be3 Nf6 7. Bc4 O-O 8.
Bb3 d6 9. f3 Bd7 10. Qd2 Nxd4 11. Bxd4 b5 12. g4 a5 13. g5 Ne8 14. Bxg7 Nxg7
15. h4 a4 16. Bd5 Rc8 17. a3 Kh8 18. Qd4 Qc7 19. Ba2 Qc5 20. O-O-O Qxd4 21.
Rxd4 Rb8 22. Nd5 Ne6 23. Rd2 Rfe8 24. f4 Bc6 25. f5 Nc5 26. fxg6 fxg6 27. Re2
Kg7 28. h5 gxh5 29. Rxh5 e6 30. Nf6 Rh8 31. Rh3 h6 32. Ng4 hxg5 33. Rhe3 Rh4
34. Nf2 Rf8 35. Rc3 Rh2 36. Bxe6 Rfxf2 37. Rxf2 Rxf2 38. Bd5 Bxd5 39. exd5 Rf5
40. b4 axb3 41. cxb3 Rxd5 42. b4 Ne6 43. Rc6 g4 0-1

[Event "2nd 4NCL Spring Bank Holiday Congress"]
[Site "Basingstoke"]
[Date "2019.05.26"]
[Round "5.4"]
[White "Homer, Neil S"]
[Black "Sheard, Jack"]
[Result "0-1"]
[WhiteElo "1654"]
[BlackElo "1392"]
[PlyCount "62"]
[EventDate "2019.05.24"]

1. Nf3 Nc6 2. d4 d6 3. c4 g6 4. Nc3 Bg7 5. e4 e5 6. d5 Nce7 7. h3 f5 8. Bd3 Nf6
9. Qc2 O-O 10. Be3 h6 11. O-O-O a6 12. exf5 gxf5 13. Nh4 e4 14. Be2 Nd7 15. g3
Ne5 16. f3 b5 17. fxe4 bxc4 18. Qd2 Kh7 19. Nxf5 Nxf5 20. exf5 Bxf5 21. g4 Nd3+
22. Bxd3 Bxd3 23. h4 Rf3 24. Rde1 Rb8 25. Rh2 Qf6 26. g5 Qxc3+ 27. Qxc3 Bxc3
28. g6+ Bxg6 29. Ba7 Bxe1 30. Bxb8 Ba5 31. Kd1 Bd3 0-1

[Event "2nd 4NCL Spring Bank Holiday Congress"]
[Site "Basingstoke"]
[Date "2019.05.26"]
[Round "5.5"]
[White "Seymour, Paul"]
[Black "Abbas, Ahmed C"]
[Result "0-1"]
[WhiteElo "1643"]
[BlackElo "1549"]
[PlyCount "54"]
[EventDate "2019.05.24"]

1. d4 Nf6 2. Bf4 g6 3. e3 Bg7 4. Bd3 d6 5. h3 O-O 6. c3 c5 7. Nd2 Nc6 8. Qc2
cxd4 9. exd4 Nd5 10. Bg3 e5 11. Ne2 exd4 12. Be4 dxc3 13. Bxd5 cxd2+ 14. Qxd2
Ne7 15. Bf3 Nf5 16. Bf4 Qb6 17. O-O Be6 18. Nc3 Nd4 19. Be4 Nf5 20. Nd5 Qd4 21.
Qxd4 Bxd4 22. Nc7 Rad8 23. Nxe6 fxe6 24. Rab1 b6 25. b3 e5 26. Bd2 Ng3 27. Be3
Nxe4 0-1

[Event "2nd 4NCL Spring Bank Holiday Congress"]
[Site "Basingstoke"]
[Date "2019.05.26"]
[Round "5.6"]
[White "Kumar, Soham"]
[Black "Muppidi, Anirudh R"]
[Result "1/2-1/2"]
[WhiteElo "1230"]
[BlackElo "1437"]
[PlyCount "77"]
[EventDate "2019.05.24"]

1. e4 e5 2. Nf3 Nc6 3. Bb5 Nd4 4. Nxd4 exd4 5. c3 c6 6. Be2 Bc5 7. cxd4 Bxd4 8.
O-O Nf6 9. Re1 O-O 10. d3 d5 11. Bf3 dxe4 12. dxe4 Re8 13. Qc2 Bf5 14. Bg5 Bg6
15. Nd2 Qb6 16. Nb3 Be5 17. Rad1 Rad8 18. Rb1 a5 19. Bd2 a4 20. Nc5 Qa7 21. Be3
Bd4 22. Bxd4 Rxd4 23. Qc3 Red8 24. e5 b6 25. Rbc1 bxc5 26. exf6 gxf6 27. Bxc6
Rc8 28. Bf3 Qa6 29. Qe3 Qb5 30. Qc3 Qd3 31. Qa5 Qf5 32. h3 Qg5 33. Bb7 Rcd8 34.
Rxc5 Qd2 35. Bf3 Qxb2 36. Re2 Qb4 37. Kh2 Qxa5 38. Rxa5 Rc8 39. Bg4 1/2-1/2

[Event "2nd 4NCL Spring Bank Holiday Congress"]
[Site "Basingstoke"]
[Date "2019.05.26"]
[Round "5.8"]
[White "Fisher, Neal"]
[Black "Piecha, Lukasz Marek"]
[Result "0-1"]
[WhiteElo "1444"]
[BlackElo "1727"]
[PlyCount "64"]
[EventDate "2019.05.24"]

1. d4 g6 2. Bf4 Bg7 3. c3 Nf6 4. Nf3 O-O 5. Nbd2 d6 6. e3 Nbd7 7. Bg5 h6 8. Bh4
c5 9. Be2 g5 10. Bg3 Nh7 11. h4 g4 12. Nh2 f5 13. Bc4+ Kh8 14. Qb3 e5 15. dxe5
dxe5 16. f4 b5 17. Be6 c4 18. Qb4 Qb6 19. O-O-O Qxe6 20. e4 a5 21. Qxb5 Ba6 22.
exf5 Rxf5 23. Qa4 Nc5 24. Qc2 Nd3+ 25. Kb1 Rb8 26. Ka1 Rxb2 27. Qa4 exf4 28.
Nb1 fxg3 29. Nxg4 Rxb1+ 30. Rxb1 Bxc3+ 31. Rb2 Rb5 32. Qc2 Bxb2+ 0-1

[Event "2nd 4NCL Spring Bank Holiday Congress"]
[Site "Basingstoke"]
[Date "2019.05.26"]
[Round "5.9"]
[White "Murawski, Pawel"]
[Black "Ball, Matthew P"]
[Result "0-1"]
[WhiteElo "1162"]
[BlackElo "1652"]
[PlyCount "74"]
[EventDate "2019.05.24"]

1. d4 d5 2. c4 e6 3. Nc3 Nf6 4. Bg5 Nbd7 5. e3 c6 6. Nf3 Qa5 7. a3 Ne4 8. Qc2
Nxg5 9. Nxg5 Nf6 10. c5 Qc7 11. Nf3 Nd7 12. Bd3 g6 13. g4 e5 14. Nd2 Bg7 15.
Nb3 exd4 16. exd4 O-O 17. O-O-O Qf4+ 18. Qd2 Qxg4 19. Be2 Qh4 20. Kb1 Qxf2 21.
h4 h6 22. Rdf1 Qg3 23. Rfg1 Qc7 24. Bh5 Nf6 25. Bxg6 fxg6 26. Rxg6 Bf5+ 27. Ka1
Bxg6 28. Rg1 Kh7 29. h5 Nxh5 30. Qg2 Rf6 31. Nd2 Qf7 32. Ne2 Rf8 33. Ng3 Rf2
34. Qh3 Nxg3 35. Qxg3 Rxd2 36. Ka2 Bxd4 37. Kb3 Bxg1 0-1

[Event "2nd 4NCL Spring Bank Holiday Congress"]
[Site "Basingstoke"]
[Date "2019.05.26"]
[Round "5.10"]
[White "Sandercock, E Barry"]
[Black "Sloan, Hamish"]
[Result "0-1"]
[WhiteElo "1650"]
[BlackElo "1506"]
[PlyCount "86"]
[EventDate "2019.05.24"]

1. Nf3 g6 2. e4 d6 3. d3 Bg7 4. g3 c5 5. Bg2 Nc6 6. c3 Nf6 7. O-O O-O 8. Nbd2
Nd7 9. Qe2 Qc7 10. a4 a5 11. Nc4 Nde5 12. Ne3 Nxf3+ 13. Bxf3 e6 14. Bg2 b6 15.
Ng4 f5 16. Nh6+ Kh8 17. exf5 exf5 18. Bd5 Bb7 19. Qe6 Bxh6 20. Bxh6 Rae8 21.
Bxf8 Rxe6 22. Bxe6 Ne5 23. h4 Nf3+ 24. Kh1 Qc6 25. c4 Qc7 26. Bh6 Nd2+ 27. Kh2
Nxf1+ 28. Rxf1 Bc8 29. Bd5 Qe7 30. Bd2 h5 31. Re1 Qd8 32. Bf7 Kg7 33. Re8 Qd7
34. Bc3+ Kxf7 35. Rh8 Qe6 36. Rh7+ Ke8 37. Rh8+ Kd7 38. Rh7+ Kc6 39. d4 Qxc4
40. Rg7 Qf1 41. Rxg6 Qxf2+ 42. Kh1 cxd4 43. Rg8 Bb7 0-1

[Event "2nd 4NCL Spring Bank Holiday Congress"]
[Site "Basingstoke"]
[Date "2019.05.26"]
[Round "5.11"]
[White "Mathew, Johan"]
[Black "Ahmed, Yunus"]
[Result "1-0"]
[WhiteElo "1235"]
[BlackElo "1248"]
[PlyCount "113"]
[EventDate "2019.05.24"]

1. e4 e5 2. Nf3 Nc6 3. Bb5 a6 4. Ba4 Nf6 5. O-O Nxe4 6. d4 d5 7. dxe5 Be6 8.
Be3 b5 9. Bb3 Be7 10. h3 O-O 11. Qe2 Bc5 12. c3 Qd7 13. Bc2 Be7 14. Nbd2 Nc5
15. Nb3 Nb7 16. Qd3 g6 17. Bh6 Rfe8 18. Qe3 Nba5 19. Nxa5 Nxa5 20. b3 Nb7 21.
Bg5 Bf8 22. Bf6 c5 23. h4 h5 24. Bg5 Bf5 25. Bxf5 Qxf5 26. Rad1 Rad8 27. Bxd8
Rxd8 28. Qg5 Qe6 29. Qf4 Bg7 30. Ng5 Qe7 31. Rfe1 Bh6 32. Qf6 Qxf6 33. exf6 Bf8
34. Re5 d4 35. cxd4 cxd4 36. Nf3 d3 37. Ne1 d2 38. Nf3 Bd6 39. Re2 Nc5 40.
Rexd2 Ne4 41. Rd4 Re8 42. Rxe4 Rxe4 43. Rxd6 Re8 44. Ng5 Rf8 45. Rxa6 b4 46.
Rb6 Kh8 47. Rxb4 Kg8 48. Rc4 Kh8 49. a4 Kg8 50. b4 Kh8 51. b5 Re8 52. a5 Kg8
53. b6 Rf8 54. a6 Kh8 55. b7 Kg8 56. a7 Kh8 57. a8=Q 1-0

[Event "2nd 4NCL Spring Bank Holiday Congress"]
[Site "Basingstoke"]
[Date "2019.05.26"]
[Round "5.12"]
[White "Bullock, Lee"]
[Black "Farahi-Far, Mohammad"]
[Result "0-1"]
[WhiteElo "1516"]
[BlackElo "1235"]
[PlyCount "102"]
[EventDate "2019.05.24"]

1. d4 Nf6 2. Bf4 g6 3. e3 Bg7 4. Bd3 d6 5. Nf3 O-O 6. c3 c5 7. Qc2 Nc6 8. Nbd2
cxd4 9. exd4 Nh5 10. Bg3 Nxg3 11. hxg3 e5 12. dxe5 Nxe5 13. Nxe5 dxe5 14. O-O-O
Qd5 15. Kb1 Qxg2 16. Ne4 Bf5 17. Rdg1 Qf3 18. Rxh7 Rfd8 19. g4 Qxd3 20. Rxg7+
Kxg7 21. gxf5 Qxc2+ 22. Kxc2 Rac8 23. fxg6 fxg6 24. Ng5 Rc6 25. Rh1 Kf6 26.
Ne4+ Kf5 27. f3 Kf4 28. Nd2 Rcd6 29. Rh2 g5 30. Ne4 Rd3 31. Nc5 Kg3 32. Rh7
Rd2+ 33. Kb3 Kxf3 34. Rf7+ Kg4 35. Rxb7 a5 36. Rg7 Rb8+ 37. Nb7 e4 38. c4 a4+
39. Kc3 e3 40. Re7 Kf3 41. c5 Rc8 42. Rf7+ Ke2 43. Rf5 g4 44. Rg5 Kf3 45. Rf5+
Ke4 46. Rf6 Rd7 47. Nd6+ Rxd6 48. Rxd6 Rxc5+ 49. Kb4 Rg5 50. Kxa4 e2 51. b4
e1=Q 0-1

[Event "2nd 4NCL Spring Bank Holiday Congress"]
[Site "Basingstoke"]
[Date "2019.05.26"]
[Round "5.14"]
[White "Pettit, Felicity Ol"]
[Black "Maurus, Mickey"]
[Result "1/2-1/2"]
[WhiteElo "1314"]
[BlackElo "1336"]
[PlyCount "77"]
[EventDate "2019.05.24"]

1. c4 e5 2. g3 Nc6 3. Bg2 g6 4. Nc3 Bg7 5. e3 Nge7 6. Nge2 d6 7. O-O Be6 8. b3
O-O 9. Bb2 Qd7 10. d4 exd4 11. exd4 d5 12. c5 Nf5 13. Nb5 a6 14. Na3 Rfe8 15.
Nc2 a5 16. Nf4 Rad8 17. Bc3 Ra8 18. Qd3 Bh6 19. Nxe6 Rxe6 20. a3 Ree8 21. b4
axb4 22. axb4 Na7 23. Na3 c6 24. Rfb1 Bg7 25. Rb3 Qe6 26. Rab1 Qe2 27. Rd1 Qxd3
28. Rxd3 Nc8 29. b5 Nce7 30. Bb2 Ra4 31. Nc2 Rc4 32. Rd2 Ra8 33. bxc6 bxc6 34.
Rb7 Bf6 35. Bf1 Rca4 36. Bh3 h6 37. g4 Nh4 38. Bg2 R4a7 39. Rb4 1/2-1/2

[Event "2nd 4NCL Spring Bank Holiday Congress"]
[Site "Basingstoke"]
[Date "2019.05.26"]
[Round "5.15"]
[White "Shek, Daniel"]
[Black "Chadwick, Susan E"]
[Result "1-0"]
[WhiteElo "1415"]
[BlackElo "1512"]
[PlyCount "59"]
[EventDate "2019.05.24"]

1. d4 d5 2. c4 c6 3. Nc3 Nf6 4. Nf3 Bf5 5. Qb3 Qb6 6. cxd5 Qxb3 7. axb3 cxd5 8.
Nb5 Kd8 9. Ne5 Bg6 10. Bd2 b6 11. Nxa7 Ne4 12. Nac6+ Nxc6 13. Rxa8+ Kc7 14.
Nxc6 Kxc6 15. e3 Kb7 16. Ra2 e6 17. Bc3 Be7 18. Ba6+ Kb8 19. O-O Rd8 20. Rfa1
Kc7 21. Bb5 Nd6 22. Ra7+ Nb7 23. Bd2 f5 24. Ba6 Rb8 25. Rc1+ Kd8 26. Bxb7 Ke8
27. Ba6 Kf7 28. Rcc7 Kf6 29. Rxe7 Rg8 30. h4 1-0

[Event "2nd 4NCL Spring Bank Holiday Congress"]
[Site "Basingstoke"]
[Date "2019.05.26"]
[Round "5.16"]
[White "Kumar, Sanjit S"]
[Black "Khoury, Theo"]
[Result "1-0"]
[WhiteElo "1298"]
[BlackElo "1339"]
[PlyCount "143"]
[EventDate "2019.05.24"]

1. e4 c5 2. Nf3 d6 3. d4 cxd4 4. Nxd4 Nf6 5. Nc3 a6 6. Be2 e5 7. Nb3 Be7 8. O-O
O-O 9. a4 b6 10. Be3 Bb7 11. Nd5 Nxd5 12. exd5 Nd7 13. Qd2 Nf6 14. c4 Qc7 15.
a5 bxa5 16. Nxa5 Rfc8 17. Qb4 Rab8 18. Bb6 Qd7 19. Ba7 Ra8 20. Qxb7 Qxb7 21.
Nxb7 Rxa7 22. Na5 Bd8 23. Nc6 Raa8 24. Ra2 Ne4 25. Rfa1 Nc5 26. Bd1 Bf6 27. b4
Nd7 28. Rxa6 Nb6 29. Rxa8 Rxa8 30. Rxa8+ Nxa8 31. c5 dxc5 32. bxc5 Kf8 33. d6
Ke8 34. Bf3 Kd7 35. Nb4 Bd8 36. Bxa8 Ba5 37. Nd5 Bd8 38. Kf1 Bg5 39. Ke2 e4 40.
c6+ Kxd6 41. c7 Kd7 42. Bb7 f5 43. c8=Q+ Kd6 44. Qc7+ Ke6 45. Qc6+ Ke5 46. Qc3+
Ke6 47. Qxg7 Bd8 48. Nf4+ Kd6 49. Qxh7 Ke5 50. Qg7+ Bf6 51. Ke3 Bxg7 52. f3 Bh6
53. g3 exf3 54. Kxf3 Kd4 55. Bc8 Ke5 56. Ng2 Bg5 57. Ne3 f4 58. Ng4+ Kd6 59.
gxf4 Be7 60. f5 Kc7 61. Be6 Kd6 62. Ke4 Bg5 63. Ba2 Ke7 64. Ke5 Bh4 65. f6+ Kf8
66. Ke6 Bg5 67. f7 Be7 68. Ne5 Bg5 69. Nd7+ Kg7 70. f8=Q+ Kg6 71. Ne5+ Kh7 72.
Bb1# 1-0

[Event "2nd 4NCL Spring Bank Holiday Congress"]
[Site "Basingstoke"]
[Date "2019.05.26"]
[Round "4.1"]
[White "Winter, Kevin"]
[Black "Bishop, Geoffrey L"]
[Result "1-0"]
[WhiteElo "1742"]
[BlackElo "1715"]
[PlyCount "101"]
[EventDate "2019.05.24"]

1. e4 c5 2. d4 cxd4 3. c3 Nf6 4. e5 Nd5 5. Nf3 Nc6 6. Bc4 e6 7. O-O Nb6 8. Bb3
d6 9. cxd4 Be7 10. Qe2 O-O 11. Nc3 Bd7 12. Re1 a6 13. Bf4 d5 14. a3 Rc8 15. Bc2
Na5 16. Qd3 g6 17. Bh6 Re8 18. Qd1 Nac4 19. Qb1 Nxa3 20. bxa3 Rxc3 21. Bd2 Rc6
22. Ba5 Qc8 23. Bxg6 hxg6 24. Bxb6 Rc3 25. Ba5 Rxa3 26. Rxa3 Bxa3 27. Qd3 Be7
28. Qd2 Kg7 29. h4 Qc4 30. Rc1 Qa4 31. Rc7 Bd8 32. Qf4 Rh8 33. Ng5 Bxg5 34.
Qxg5 Be8 35. Qf6+ Kg8 36. Rc8 Kh7 37. Bb6 Qd7 38. Rc7 Qb5 39. Bc5 Qb1+ 40. Kh2
Qf5 41. Rxb7 Qxf6 42. exf6 Bb5 43. Rxf7+ Kh6 44. g4 g5 45. h5 Be2 46. Bf8+ Rxf8
47. Rxf8 Kh7 48. Kg3 Bc4 49. f4 gxf4+ 50. Kxf4 Bb5 51. g5 1-0

[Event "2nd 4NCL Spring Bank Holiday Congress"]
[Site "Basingstoke"]
[Date "2019.05.26"]
[Round "4.2"]
[White "Goodfellow, Russell Robert"]
[Black "Seymour, Paul"]
[Result "1-0"]
[WhiteElo "1718"]
[BlackElo "1643"]
[PlyCount "73"]
[EventDate "2019.05.24"]

1. e4 d5 2. exd5 Qxd5 3. Nf3 Nf6 4. d4 Bf5 5. Be2 e6 6. O-O Be7 7. c4 Qd8 8.
Qb3 Qc8 9. h3 c6 10. Be3 Nbd7 11. Nc3 Qc7 12. Rac1 O-O 13. a3 Rfd8 14. Rfd1 Nb6
15. d5 Rac8 16. d6 Rxd6 17. Rxd6 Bxd6 18. c5 Bxc5 19. Bxc5 Nbd5 20. Bd4 Qe7 21.
Nb5 a6 22. Bc5 Qd7 23. Nd6 Rc7 24. Ne5 Qd8 25. Nexf7 Qd7 26. Ne5 Qd8 27. Nxf5
exf5 28. Bb6 Kf8 29. Bxc7 Qxc7 30. Nf3 Qf4 31. Qc4 Ne4 32. Bd3 Nb6 33. Qc2 Nd5
34. Re1 Ndf6 35. Bxe4 Nxe4 36. Nd4 Qe5 37. Nxf5 1-0

[Event "2nd 4NCL Spring Bank Holiday Congress"]
[Site "Basingstoke"]
[Date "2019.05.26"]
[Round "4.4"]
[White "O'brien, Paul W"]
[Black "Murawski, Pawel"]
[Result "1-0"]
[WhiteElo "1610"]
[BlackElo "1162"]
[PlyCount "73"]
[EventDate "2019.05.24"]

1. e4 e5 2. Nc3 Nc6 3. Bc4 Bc5 4. d3 d6 5. f4 Bxg1 6. Rxg1 Qh4+ 7. Kf1 Bg4 8.
Qe1 Qxh2 9. Nd5 O-O-O 10. fxe5 Nxe5 11. Bf4 Qh5 12. Qa5 Rd7 13. Qxa7 Nc6 14.
Qa8+ Nb8 15. Bb5 Ne7 16. Bxd7+ Kxd7 17. Qxb7 Nxd5 18. Qxd5 f5 19. e5 Re8 20.
Re1 Re6 21. exd6 Be2+ 22. Kf2 c6 23. Qd4 Qh4+ 24. g3 Qg4 25. Qa7+ Ke8 26. Qxb8+
Kf7 27. Qc7+ Kg6 28. Qxc6 h5 29. Rh1 Kh7 30. Rh4 Rxd6 31. Bxd6 Qf3+ 32. Qxf3
Bxf3 33. Kxf3 f4 34. Kxf4 g5+ 35. Kxg5 Kg8 36. Kg6 Kh8 37. Re8# 1-0

[Event "2nd 4NCL Spring Bank Holiday Congress"]
[Site "Basingstoke"]
[Date "2019.05.26"]
[Round "4.5"]
[White "Sheard, Jack"]
[Black "Brockes, Jeremy P"]
[Result "1-0"]
[WhiteElo "1392"]
[BlackElo "1500"]
[PlyCount "137"]
[EventDate "2019.05.24"]

1. Nf3 Nf6 2. c4 g6 3. b4 d6 4. Bb2 e5 5. g3 Bg7 6. Bg2 O-O 7. O-O a5 8. a3 h6
9. Qb3 a4 10. Qc2 Bf5 11. d3 Nc6 12. Nc3 Qd7 13. b5 Ne7 14. Nxa4 e4 15. Nd4
exd3 16. exd3 Bxd3 17. Qxd3 Rxa4 18. Bxb7 Ng4 19. Qb3 Ra7 20. Bg2 Ne5 21. a4
Qg4 22. h3 Qc8 23. Rfe1 g5 24. b6 cxb6 25. Nb5 Rd7 26. Nxd6 Rxd6 27. Bxe5 Bxe5
28. Rxe5 Ng6 29. Rb5 Qd8 30. Re1 Qf6 31. Qb2 Qxb2 32. Rxb2 Rc8 33. Bd5 Kf8 34.
Reb1 Ne5 35. Rxb6 Nxc4 36. Rb8 Rdd8 37. Rxc8 Rxc8 38. Rb7 Rc5 39. Rxf7+ Ke8 40.
Bxc4 Rxc4 41. Ra7 Kf8 42. Kg2 Kg8 43. Kf3 Kf8 44. g4 Rc3+ 45. Kg2 Kg8 46. f3
Rc2+ 47. Kg3 Rc3 48. a5 Ra3 49. a6 Kf8 50. Ra8+ Kg7 51. a7 Kf7 52. h4 Kg7 53.
hxg5 hxg5 54. Kf2 Kh7 55. Ke2 Kg7 56. Kd2 Kh7 57. Kc2 Kg7 58. Kb2 Ra4 59. Kb3
Ra6 60. Kb4 Ra1 61. Kc5 Kh7 62. Kd6 Kg7 63. Ke6 Ra2 64. Kf5 Ra5+ 65. Ke6 Ra1
66. Re8 Ra6+ 67. Kf5 Rxa7 68. Kxg5 Ra5+ 69. Kf4 1-0

[Event "2nd 4NCL Spring Bank Holiday Congress"]
[Site "Basingstoke"]
[Date "2019.05.26"]
[Round "4.6"]
[White "Farahi-Far, Arman"]
[Black "Fisher, Neal"]
[Result "1-0"]
[WhiteElo "1314"]
[BlackElo "1444"]
[PlyCount "153"]
[EventDate "2019.05.24"]

1. d4 Nf6 2. Nf3 d5 3. c4 c6 4. e3 Qc7 5. Nc3 Bf5 6. Qb3 e6 7. Nh4 Bg6 8. Nxg6
hxg6 9. h3 Nbd7 10. cxd5 exd5 11. Bd2 Nb6 12. Be2 Be7 13. Bf3 Nc4 14. Qc2 Rd8
15. Nxd5 cxd5 16. b3 b5 17. bxc4 Rc8 18. c5 O-O 19. Qb3 Qc6 20. a4 a6 21. axb5
axb5 22. Rb1 Rb8 23. Be2 Ne4 24. Bxb5 Qf6 25. Rf1 Qg5 26. g4 Nxd2 27. Kxd2 Rfd8
28. Qd1 Qf6 29. Qe2 Qe6 30. Bd3 Ra8 31. Ra1 Rdb8 32. Rxa8 Rxa8 33. Rc1 Qc6 34.
Bb5 Qc7 35. Rc2 Qa5+ 36. Kd1 Bd8 37. c6 Bc7 38. Bd3 Qb4 39. Qd2 Ra1+ 40. Rc1
Rxc1+ 41. Qxc1 Qd6 42. f4 Bb6 43. Ke2 Qc7 44. Bb5 Qd6 45. Qc3 Qc7 46. Qa3 Kh7
47. Qa6 Qd8 48. Qb7 Bc7 49. Ba4 f6 50. Bb3 Kh6 51. Qb5 Qe8 52. Qxd5 Bxf4 53.
Qe6 Qxe6 54. Bxe6 Bc7 55. h4 f5 56. gxf5 gxf5 57. Bxf5 Kh5 58. e4 Kxh4 59. Kf3
Kg5 60. d5 Kf6 61. Kg4 Bd6 62. Kf3 Be5 63. Bh3 Ke7 64. Ke3 Kd6 65. Kd3 Kc7 66.
Kc4 Kb6 67. Bg4 Bf6 68. Bd7 Be5 69. Be8 Kc7 70. Kc5 Bd6+ 71. Kd4 Ba3 72. e5
Bb2+ 73. Ke4 Kd8 74. Bd7 Ke7 75. d6+ Kd8 76. e6 Bf6 77. c7# 1-0

[Event "2nd 4NCL Spring Bank Holiday Congress"]
[Site "Basingstoke"]
[Date "2019.05.26"]
[Round "4.7"]
[White "Muppidi, Anirudh R"]
[Black "Robinson, Brian"]
[Result "1/2-1/2"]
[WhiteElo "1437"]
[BlackElo "1555"]
[PlyCount "82"]
[EventDate "2019.05.24"]

1. e4 e6 2. d4 d5 3. exd5 exd5 4. Nf3 Bd6 5. Bd3 Ne7 6. O-O h6 7. c3 O-O 8.
Nbd2 Bf5 9. Bxf5 Nxf5 10. Re1 Nd7 11. Nf1 c6 12. Ng3 Nxg3 13. fxg3 Qc7 14. Qc2
Rae8 15. Bd2 Nf6 16. Rxe8 Rxe8 17. Re1 Rxe1+ 18. Bxe1 Ne4 19. c4 Nf6 20. c5 Be7
21. Qa4 b5 22. Qa6 Nd7 23. Ba5 Nb8 24. Bxc7 Nxa6 25. Be5 Bd8 26. a3 Nc7 27. Bd6
f6 28. Nd2 Ne6 29. Nf3 Bc7 30. Bxc7 Nxc7 31. Kf2 Kf7 32. Ke3 Ne6 33. h3 a5 34.
b3 Ng5 35. Nxg5+ fxg5 36. g4 Kf6 37. Kf3 g6 38. g3 Ke6 39. h4 Kf6 40. hxg5+
hxg5 41. b4 a4 1/2-1/2

[Event "2nd 4NCL Spring Bank Holiday Congress"]
[Site "Basingstoke"]
[Date "2019.05.26"]
[Round "4.8"]
[White "Maurus, Mickey"]
[Black "Homer, Neil S"]
[Result "0-1"]
[WhiteElo "1336"]
[BlackElo "1654"]
[PlyCount "118"]
[EventDate "2019.05.24"]

1. d4 d5 2. Bf4 c5 3. e3 Nf6 4. c3 e6 5. Nf3 Nc6 6. Bd3 Be7 7. Nbd2 Nh5 8. Bg3
Nxg3 9. hxg3 h6 10. Bb1 Qb6 11. Qc2 cxd4 12. exd4 Bd7 13. Qb3 Bf6 14. Bd3 Qxb3
15. Nxb3 e5 16. dxe5 Nxe5 17. Nxe5 Bxe5 18. Nc5 Bc6 19. O-O O-O 20. Rfe1 Bd6
21. Nb3 Rfe8 22. Nd4 Rxe1+ 23. Rxe1 Re8 24. Rxe8+ Bxe8 25. Bb5 Bxb5 26. Nxb5
Bb8 27. Kf1 Kf8 28. Ke2 Ke7 29. Kd3 a6 30. Nd4 g6 31. Nf3 Kd6 32. b4 Ba7 33.
Nd4 b5 34. f3 h5 35. Ke2 Bb6 36. f4 Bxd4 37. cxd4 Ke6 38. Kf3 Kf5 39. a3 f6 40.
Ke3 Kg4 41. Kf2 f5 42. Kg1 Kxg3 43. Kf1 Kxf4 44. Kf2 h4 45. Kg1 Ke3 46. g3 hxg3
47. Kg2 Kxd4 48. a4 bxa4 49. b5 axb5 50. Kxg3 a3 51. Kg2 a2 52. Kh3 a1=Q 53.
Kh2 Ke4 54. Kg2 Qc3 55. Kf2 Qe3+ 56. Kg2 Qf3+ 57. Kh2 Qg4 58. Kh1 Kf3 59. Kh2
Qg2# 0-1

[Event "2nd 4NCL Spring Bank Holiday Congress"]
[Site "Basingstoke"]
[Date "2019.05.26"]
[Round "4.9"]
[White "Ahmed, Yunus"]
[Black "Sandercock, E Barry"]
[Result "1/2-1/2"]
[WhiteElo "1248"]
[BlackElo "1650"]
[PlyCount "157"]
[EventDate "2019.05.24"]

1. Nf3 Nf6 2. g3 d5 3. d4 c5 4. c3 Bf5 5. Nbd2 cxd4 6. cxd4 Nc6 7. a3 a5 8. Bg2
e6 9. O-O Rc8 10. Qb3 Qd7 11. Nb1 Bd6 12. Nc3 O-O 13. Nb5 Bb8 14. Bg5 Ne4 15.
Rac1 h6 16. Bf4 Na7 17. Rxc8 Rxc8 18. Nxa7 Bxa7 19. Rd1 g5 20. Ne5 Qe7 21. Be3
Nd6 22. Qa4 Bc2 23. Qxa5 b6 24. Qd2 Bxd1 25. Qxd1 Qc7 26. Qd2 Qc2 27. Bxg5 Qxd2
28. Bxd2 Kg7 29. Bc3 Ne4 30. Bxe4 dxe4 31. f3 exf3 32. exf3 f6 33. Nd3 Kg6 34.
Kg2 Bb8 35. h4 Bd6 36. Nb4 Bxb4 37. axb4 b5 38. f4 Ra8 39. g4 Ra1 40. Kf3 Rf1+
41. Kg3 f5 42. h5+ Kf7 43. gxf5 exf5 44. Bd2 Rg1+ 45. Kh2 Rb1 46. Bc3 Rf1 47.
Kg3 Rh1 48. d5 Rxh5 49. d6 Ke6 50. Be5 Rh1 51. Kg2 Rd1 52. Kg3 h5 53. Kh4 Rh1+
54. Kg3 h4+ 55. Kg2 Rd1 56. Kh3 Rc1 57. Kxh4 Rc4 58. Kg5 Rxb4 59. d7 Kxd7 60.
Kxf5 Rc4 61. Kg5 Ke6 62. Bc3 b4 63. Bh8 b3 64. Bg7 Rc5+ 65. Kg4 Kf7 66. Bd4 Rc4
67. Be5 Kg6 68. Bh8 Ra4 69. Be5 Rc4 70. Bh8 Kf7 71. Be5 Kg6 72. Bh8 Kh7 73. Be5
Kg6 74. Bh8 Rc8 75. Be5 Rd8 76. Bc3 Rc8 77. Bd4 Kf7 78. Be5 Rc4 79. Bh8 1/2-1/2

[Event "2nd 4NCL Spring Bank Holiday Congress"]
[Site "Basingstoke"]
[Date "2019.05.26"]
[Round "4.10"]
[White "Abbas, Ahmed C"]
[Black "Mathew, Johan"]
[Result "1-0"]
[WhiteElo "1549"]
[BlackElo "1235"]
[PlyCount "71"]
[EventDate "2019.05.24"]

1. e4 e5 2. Nf3 Nc6 3. Bc4 Bc5 4. c3 Nf6 5. d3 O-O 6. O-O d5 7. exd5 Nxd5 8.
Bb3 Be6 9. Re1 Qd6 10. Nbd2 f5 11. Nc4 Qe7 12. Ncxe5 Nxe5 13. Nxe5 Qf6 14. d4
Bd6 15. Qf3 c6 16. Bd2 Rae8 17. Re2 Kh8 18. Rae1 f4 19. Bc2 Bf5 20. Ng4 Bxg4
21. Qxg4 Rxe2 22. Rxe2 Nc7 23. f3 Re8 24. Rxe8+ Nxe8 25. Qd7 Qf8 26. Qxb7 Nc7
27. Qxc6 Qe7 28. Qe4 Qxe4 29. Bxe4 Ne6 30. Kf2 Kg8 31. g3 fxg3+ 32. hxg3 Kf7
33. Bd5 Ke7 34. Bxe6 Kxe6 35. b3 Kd5 36. Be3 1-0